000 00639nam a22002057a 4500
005 20140726081842.0
008 050701s2006 nyuab b 001 0 eng
020 _a9780393827696
080 _a93/99
100 1 _aChasteen, John Charles,
245 1 0 _aBorn in blood and fire :
_cJohn Charles Chasteen.
250 _a2nd ed.
260 _aNew York :
_bW.W. Norton & Co.,
_c2006.
300 _a372 p. :
_bme il., maps ;
_c21 cm.
504 _aIncludes bibliographical references and index f. 331-372
650 _aHistoria
650 _aAmerika Latine
651 0 _aLatin America
942 _2udc
_cBK
999 _c499
_d499